| 000 | 00434nam a2200181Ia 4500 | ||
|---|---|---|---|
| 999 |
_c83036 _d83036 |
||
| 003 | 0100 | ||
| 005 | 20170405091128.0 | ||
| 008 | 130307s9999 xx 000 0 und d | ||
| 040 | _cARRUPELIB | ||
| 050 | _aBX3756.B84F3 1946 | ||
| 100 |
_aFarnum, Mabel Adelaide _929641 |
||
| 245 | 4 | _aThe sacred scimitar | |
| 245 | _blife of Blessed John de Brito | ||
| 260 | _aMilwaukee WI | ||
| 260 | _bBruce Publishing | ||
| 260 | _c1946 | ||
| 300 | _a168p. | ||
| 300 | _b24cm. | ||
| 600 |
_aJohn de Britto, St. _929642 |
||
| 942 |
_2lcc _cMONOGRAPH |
||